000 00822nam a2200181Ia 4500
008 090124s9999 xx 000 0 und d
082 _b21860
100 _aशेवडेगुरुजी रा. वा.
245 _a मानवतेचे पुजारी इंदिरा प्रियदर्शिनी
250 _a1
260 _bरामचंद्र वासुदेव शेवडे
_c1984
300 _a53
600 _aशेवडेगुरुजी रा. वा.
630 _a मानवतेचे पुजारी इंदिरा प्रियदर्शिनी
700 _aशेवडेगुरुजी रा. वा.
730 _a मानवतेचे पुजारी इंदिरा प्रियदर्शिनी
942 _cBOOK
999 _c91628
_d91628